000
00336nam a2200145Ia 4500
008
210210b1832 xxu||||| |||| 00| 0 eng d
041
_a
eng
082
_a
829/980
100
_a
SCOTT (Sir W)
245
_a
Woodstock
260
_a
Calcatta
_b
Not Mentioned
_c
1832
650
_a
Woodstock
690
_a
English Fiction
906
_a
017595
999
_c
137579
_d
137579